Sports Quiz

Random Sports or NBA Quiz

Can You Name The Top 25 NBA Players Of 2017? Quiz Stats

 Plays Quiz not verified by Sporcle

Challenge
Share
Tweet
Embed
Score 0/25 Timer 04:00
0 Plays Today
Team Initials NBA Players % Correct
CLELeBron James
100%
GSWKevin Durant
99.4%
GSWStephen Curry
99.4%
LACChris Paul
97.5%
OKCRussell Westbrook
96.9%
HOUJames Harden
96.2%
LACBlake Griffin
96.2%
NOPAnthony Davis
94.3%
INDPaul George
94.3%
SASKawhi Leonard
93.7%
GSWDraymond Green
93.7%
GSWKlay Thompson
93.7%
CHI / MIN Jimmy Butler
93.1%
Team Initials NBA Players % Correct
WASJohn Wall
93.1%
LACDeAndre Jordan
91.8%
CLEKyrie Irving
91.8%
SACDeMarcus Cousins
89.9%
PORDamian Lillard
89.3%
TORKyle Lowry
88.1%
MEMMarc Gasol
88.1%
MINKarl-Anthony Towns
87.4%
NYKCarmelo Anthony
85.5%
SASLaMarcus Aldridge
84.9%
ATLPaul Millsap
81.1%
BOSAl Horford
77.4%

You're not logged in!

Compare scores with friends on all Sporcle quizzes.
Join for Free
OR
Log In

You Might Also Like...

Show Comments

Extras

Top Quizzes Today


Score Distribution

Your Account Isn't Verified!

In order to create a playlist on Sporcle, you need to verify the email address you used during registration. Go to your Sporcle Settings to finish the process.

Report this User

Report this user for behavior that violates our Community Guidelines.

Details: